书目信息 |
| 书名: | Avatars of the word | |
| 作者: | James J. O'Donnell | |
| 分册号: | ||
| 分册名: | 出版地: | Cambridge, Mass. : |
|
| 出版社: | Harvard University Press | |
| 出版时间: | 1998. | |
| 页数: | xii, 210 p. : | |
| 开本: | 22 cm. | |
| 丛书名: | ||
| 中图分类号: | ||
| 科图分类号: | ||
| 其他分类号: | G206 | |
| 主题词: | ||
| 电子资源: | ||
| 000 | 01019nam 2200289 a 4500 | |
| 001 | E0754951240 | |
| 003 | DLC | |
| 005 | 20070323151754.12 | |
| 008 | uu | |
| 008 | 001 0 eng | |
| 010 | @a97032256 | |
| 020 | @a0674055454 (alk. paper). | |
| 040 | @aDLC @cDLC @dDLC | |
| 049 | @aN5LA | |
| 050 | 00 | @aP96.T42 @bO36 1998 |
| 082 | 00 | @a302.23/09 @221 |
| 090 | @aG206 | |
| 099 | @dG206@ex18 | |
| 100 | 1 | @aO'Donnell, James Joseph, @d1950- |
| 245 | 10 | @aAvatars of the word :@bfrom papyrus to cyberspace / @cJames J. O'Donnell |
| 260 | @aCambridge, Mass. :@bHarvard University Press,@c1998. | |
| 300 | @axii, 210 p. :@bill. ;@c22 cm. | |
| 504 | @aIncludes bibliographical references (p. [198]-207) and index. | |
| 650 | 0 | @aCommunication and technology @xHistory. |
| 650 | 0 | @aWritten communication @xHistory. |
| 650 | 0 | @aCyberspace. @b00 @c20020930 @lNLC09 @h2253 @b00 @c20021020 @lNLC09 @h1754 @lNLC09 @h0021 @lNLC09 @h2016 @b00 @c20030716 @lNLC09 @h2306 |
| 852 | 9 | @bWWJC @k2-99 @hG206 @iO26 |
| Avatars of the word : : from papyrus to cyberspace / / James J. O'Donnell.-Cambridge, Mass. : : Harvard University Press, , 1998. |
| xii, 210 p. : : ill. ; ; 22 cm. |
| Includes bibliographical references (p. [198]-207) and index. |
| ISBN 0674055454 (alk. paper). |
| ● |
| 相关链接 |
|
|
|
|
正题名:Avatars of the word
索取号:G206/x18
 
预约/预借
| 序号 | 登录号 | 条形码 | 馆藏地/架位号 | 状态 | 备注 |
| 1 | 0003577 | 300035771 | 第二样本阅览室/ [索取号:G206/x18] | 在馆 | |
| 2 | 0003578 | 300035780 | 第四借阅区/ [索取号:G206/x18] | 在馆 | |
| 3 | 0003579 | 300035799 | 第四借阅区/ [索取号:G206/x18] | 在馆 |